Catálogo de documentos de la sección novena / (Record no. 111248)
[ view plain ]
| 000 -LEADER | |
|---|---|
| campo de control de longitud fija | 01693nam a22003493 4500 |
| 001 - NÚMERO DE CONTROL | |
| campo de control | 78806 |
| 003 - IDENTIFICADOR DE NÚMERO DE CONTROL | |
| campo de control | BJBSDDR |
| 005 - FECHA Y HORA DE LA ÚLTIMA TRANSACCIÓN | |
| campo de control | 20240701155827.0 |
| 007 - CAMPO FIJO DE DESCRIPCIÓN FÍSICA--INFORMACIÓN GENERAL | |
| campo de control de longitud fija | ta |
| 008 - DATOS DE LONGITUD FIJA--INFORMACIÓN GENERAL | |
| campo de control de longitud fija | 900309m19459999sp 000 0 spa d |
| 016 7# - NÚMERO DE CONTROL DE UNA AGENCIA BIBLIOGRÁFICA NACIONAL | |
| Número de control del registro | 003345694 |
| Fuente | Uk |
| 035 ## - NÚMERO DE CONTROL DEL SISTEMA | |
| Número de control de sistema | (OCoLC)ocn503792856 |
| 035 ## - NÚMERO DE CONTROL DEL SISTEMA | |
| Número de control de sistema | (OCoLC)503792856 |
| 040 ## - FUENTE DE CATALOGACIÓN | |
| Centro catalogador/agencia de origen | UKMGB |
| Centro/agencia transcriptor | UKMGB |
| Lengua de catalogación | spa |
| 041 ## - CÓDIGO DE IDIOMA | |
| Código de lengua del texto/banda sonora o título independiente | spa |
| 049 ## - FONDOS LOCALES (OCLC) | |
| Biblioteca depositaria | GRAL |
| 050 14 - SIGNATURA TOPOGRÁFICA DE LA BIBLIOTECA DEL CONGRESO | |
| Número de clasificación | CD 1859 |
| Número de ítem | A673c 1945 |
| 110 1# - ENTRADA PRINCIPAL--NOMBRE DE ENTIDAD CORPORATIVA | |
| Nombre de entidad corporativa o nombre de jurisdicción como elemento de entrada | Archivo General de Indias |
| 9 (RLIN) | 31006 |
| 245 10 - MENCIÓN DEL TÍTULO | |
| Título | Catálogo de documentos de la sección novena / |
| Mención de responsabilidad, etc. | Redactado por el personal facultativo del Archivo, bajo la dirección del Director del mismo, Don Cristóbal Bermúdez Plata. |
| 260 ## - PUBLICACIÓN, DISTRIBUCIÓN, ETC. | |
| Lugar de publicación, distribución, etc. | Sevilla : |
| Nombre del editor, distribuidor, etc. | Impr. de la Gavidia, |
| Fecha de publicación, distribución, etc. | 1945- |
| 300 ## - DESCRIPCIÓN FÍSICA | |
| Extensión | volumenes <1> ; |
| Dimensiones | 25 cm. |
| 490 1# - MENCIÓN DE SERIE | |
| Mención de serie | [Universidad de Sevilla. Escuela de Estudios Hispano-Americanos. Publicaciones ser. 6. no. 1, etc.] |
| 505 0# - NOTA DE CONTENIDO CON FORMATO | |
| Nota de contenido con formato | v. 1: 1724-1834. Santo Domingo, Cuba, Puerto Rico, Luisiana y Florida |
| 580 ## - NOTA DE RELACIÓN COMPLEJA | |
| Nota de relación compleja | Part title: Catalogo de documentos de la Seccion Novena del Archivo General de Indias. Redactado bajo la direccion del Director del mismo, Don Cristobal Bermudez Plata. 1. Series 1.a y 2.a: Santo Domingo, Cuba, Puerto Rico, Luisiana, Florida y Mâexico. pp. 822. 1949. |
| 650 #4 - PUNTO DE ACCESO ADICIONAL DE MATERIA--TÉRMINO DE MATERIA | |
| Término de materia o nombre geográfico como elemento de entrada | Archivos |
| 9 (RLIN) | 20461 |
| Subdivisión geográfica | España |
| 651 #4 - PUNTO DE ACCESO ADICIONAL DE MATERIA--NOMBRE GEOGRÁFICO | |
| Nombre geográfico | América Latina |
| Subdivisión general | Historia |
| -- | Fuentes |
| 9 (RLIN) | 36941 |
| Subdivisión de forma | Bibliografía |
| 700 1# - ENTRADA AGREGADA--NOMBRE PERSONAL | |
| Nombre de persona | Bermúdez Plata, Cristóbal, |
| Fechas asociadas al nombre | 1882-1952 |
| 9 (RLIN) | 36942 |
| Término indicativo de función/relación | director |
| 787 0# - ENTRA/ENLACE A OTRAS RELACIONES | |
| Número de control del registro | (Uk)MP1.0003571528.0.1 |
| 830 #0 - PUNTO DE ACCESO ADICIONAL DE SERIE-TÍTULO UNIFORME | |
| Título uniforme | [Universidad de Sevilla. Escuela de Estudios Hispano-Americanos. Publicaciones ser. 6. no. 1, etc.]. |
| 886 2# - INFORMACIÓN DE CAMPO MARC FORÁNEO | |
| 2 | blmarc |
| a | 709 |
| b | 00 |
| a | BERMâUDEZ PLATA |
| h | Cristâobal |
| p | Ac.161.a/3. |
| x | 0264260090 |
| 942 ## - ELEMENTOS DE ENTRADA SECUNDARIOS (KOHA) | |
| Fuente del sistema de clasificación o colocación | Clasificación de Library of Congress |
| Tipo de ítem Koha | Libro |
| Estatus retirado | Estado de pérdida | Fuente del sistema de clasificación o colocación | Estado de daño | No para préstamo | Colección | Biblioteca de origen | Biblioteca actual | Ubicación en estantería | Fecha de adquisición | Serial enumeration / chronology | Signatura topográfica completa | Código de barras | Visto por última vez | Copia número | Tipo de ítem Koha |
|---|---|---|---|---|---|---|---|---|---|---|---|---|---|---|---|
| Clasificación de Library of Congress | Recursos Regionales | Biblioteca Juan Bosch | Biblioteca Juan Bosch | Recursos Regionales (2do. Piso) | 11/04/2023 | v.1 | CD 1859 A673c 1945 | 00000070960 | 17/02/2019 | 1 | Libro |
